Germany North or South - Statistics

General Stats
  • This quiz has been taken 18 times
  • The average score is 19 of 20
Answer Stats
Question Answer % Correct
Berlin North
100%
Hamburg North
100%
Bremen North
100%
Frisian Islands North
100%
Elbe River North
100%
Lubeck North
100%
Kiel North
100%
Brandenburg North
100%
Potsdam North
100%
Munich South
100%
Lake Constance South
100%
Bavaria South
100%
Nuremberg South
100%
Schleswig-Holstein North
94%
Augsburg South
94%
Ulm South
94%
Baden-Wurttemberg South
94%
Mecklenburger Bucht North
83%
Danube River South
83%
Brocken Mountain North
56%
No matching quizzes found
Score Distribution
Percent of People with Each Score
Percentile by Number Answered
Your Score History
You have not taken this quiz